Andrea Pálffy-Belányi: Saskia je dar

Bibliographic Details
Main Author: Černická, Lívia (Author)
Format: Article
Language:Slovak
PhysicalDescription:Fotogr.
ISSN:0231-6676
Subjects:

MARC

LEADER 00000nab a2200000 ar4500
001 vtls009006084
003 SK-MaSNL
005 20260303065725.0
008 070710c2007 xo wr|p|||||||000 b|slo
015 |a SNBRB2007/07  |2 snkbucl 
038 |a SNKBUCL 
040 |a SNKBUCL  |b slo  |c SNKBUCL  |e AACR2 
041 |a slo 
044 |a xo  |c SK 
080 |a 7.097  |2 1997 
100 1 |a Černická, Lívia  |4 aut  |9 270798 
245 1 0 |a Andrea Pálffy-Belányi: Saskia je dar  |c Lívia Černická 
300 |b Fotogr. 
600 1 7 |a Pálffyová-Belányiová, Andrea  |d 1976-  |2 snkbucl  |9 1066171 
773 0 |t Slovenka  |g Roč. 60, č. 23 (2007), s. 18-19  |x 0231-6676 
852 |a SNK  |b KIS3GCP 
958 |a BX 
999 |c 1752372  |d 1754302